000 00847nam a2200241 i 4500
001 bg
100 1 _aSZOMBURG, Jan.
245 1 0 _aBiała Księga 2003.
_nCz. 1,
_pPolska wobec Strategii Lizbońskiej /
_cJan Szomburg ; Polskie Forum Strategii Lizbońskiej.
260 _aWarszawa :
_bUrząd Komitetu Integracji Europejskiej,
_c2003.
300 _a99, [1] s. ;
_c24 cm.
504 _aWykaz oficjalnych dokumentów Strategii Lizbońskiej.
610 2 9 _aPolska
_xa Unia Europejska
610 2 9 _aUnia Europejska
_xgospodarka
_xpolityka
650 9 _aPlanowanie gospodarcze
_xUnia Europejska
710 0 _aPolskie Forum Strategii Lizbońskiej
020 _a8389218062
040 _cBPK
041 0 _apol
080 _a339.92:338.26](438:4-67)"1989/..."
920 _a83-89218-06-2
942 _cKS
008 s pl f |000 0 pol
999 _c43856
_d43856
856 _uhttp://koha.tu.koszalin.pl/cgi-bin/koha/opac-detail.pl?biblionumber=43856
_yKatalog online BPK